Swimming / (Record no. 30026)

000 -LEADER
fixed length control field 00526nam a2200181Ia 4500
003 - CONTROL NUMBER IDENTIFIER
control field OSt
005 - DATE AND TIME OF LATEST TRANSACTION
control field 20260101163002.0
008 - FIXED-LENGTH DATA ELEMENTS--GENERAL INFORMATION
fixed length control field 250310s9999||||xx |||||||||||||| ||und||
040 ## - CATALOGING SOURCE
Language of cataloging eng
Transcribing agency IMU-KC
082 ## - DEWEY DECIMAL CLASSIFICATION NUMBER
Classification number 797.21
Item number S6351
100 ## - MAIN ENTRY--PERSONAL NAME
9 (RLIN) 6424
Personal name Smale,Richard
245 #0 - TITLE STATEMENT
Title Swimming /
Remainder of title Learn Your Swimming From Photographs
Statement of responsibility, etc. By Richard Smale.
250 ## - EDITION STATEMENT
Edition statement 2nd ed.
260 ## - PUBLICATION, DISTRIBUTION, ETC.
Place of publication, distribution, etc. London :
Name of publisher, distributor, etc. John Murray Publishers Ltd.,
Date of publication, distribution, etc. 1953.
300 ## - PHYSICAL DESCRIPTION
Extent 86 p.
Other physical details illustration
700 ## - ADDED ENTRY--PERSONAL NAME
9 (RLIN) 6426
Personal name Barlee,John
Relator term Photographer
942 ## - ADDED ENTRY ELEMENTS (KOHA)
Koha item type Books
Source of classification or shelving scheme
Holdings
Withdrawn status Lost status Source of classification or shelving scheme Damaged status Not for loan Permanent Location Current Location Date acquired Full call number Barcode Date last seen Price effective from Koha item type
          IMU Kolkata IMU Kolkata 2025-03-10 797.21 S6351 F00883 2025-03-10 2025-03-10 Books
Designed and Maintained by IMU-KC Library, Kolkata Campus © Copyright All Rights Reserved

webs counters

Powered by Koha